Economistas contemporáneos : un resumen de obras selectas : Kurgman, Sen, Dornbush, Bhagwati, Stiglitz /
El autor plantea una síntesis del pensamiento económico de cinco economistas contemporáneos que abordan las cuestiones de la globalización y la economía mundial. Resume los principales planteamientos de éstos. El objetivo es proponer un acercamiento entendible y útil para comprender las transformaci...
Gespeichert in:
| 1. Verfasser: | |
|---|---|
| Format: | Buch |
| Sprache: | Spanisch |
| Veröffentlicht: |
Puebla, México :
Universidad Iberoamericana, Plantel Golfo-Centro : Benemérita Universidad Autónoma de Puebla,
2003, c2003
|
| Schlagworte: | |
| Tags: |
Keine Tags, Fügen Sie das erste Tag hinzu!
|
MARC
| LEADER | 00000nam^a2200000^a^4500 | ||
|---|---|---|---|
| 001 | 000156959 | ||
| 005 | 20250521000000.0 | ||
| 009 | 20260310100521.825 | ||
| 020 | |a 968-7507-66-7 | ||
| 037 | |a Acervo ITESO - Biblioteca | ||
| 041 | |a ESP | ||
| 082 | |a 337. |b REY | ||
| 100 | |a Reyes Guzmán, Gerardo |e (autor) | ||
| 245 | 1 | 0 | |a Economistas contemporáneos : |b un resumen de obras selectas : Kurgman, Sen, Dornbush, Bhagwati, Stiglitz / |c G. Reyes Guzmán. |
| 264 | 4 | |a Puebla, México : |b Universidad Iberoamericana, Plantel Golfo-Centro : |b Benemérita Universidad Autónoma de Puebla, |c 2003, c2003 | |
| 300 | |a 195 p. | ||
| 336 | |a texto |b txt |2 rdacontenido | ||
| 337 | |a sin mediación |b n |2 rdamedio | ||
| 338 | |a volumen |b nc |2 rdasoporte | ||
| 520 | |a El autor plantea una síntesis del pensamiento económico de cinco economistas contemporáneos que abordan las cuestiones de la globalización y la economía mundial. Resume los principales planteamientos de éstos. El objetivo es proponer un acercamiento entendible y útil para comprender las transformaciones en materia económica. | ||
| 649 | |a XX | ||
| 650 | |a Economistas | ||
| 650 | |a Liberalismo | ||
| 650 | |a Neoliberalismo | ||
| 650 | |a Crisis Económica | ||
| 650 | |a Tratado de Libre Comercio | ||
| 650 | |a Globalización | ||
| 650 | |a Política Económica | ||
| 650 | |a Política Monetaria | ||
| 650 | |a Política Comercial | ||
| 650 | |a Política Financiera | ||
| 650 | |a Macroeconomía | ||
| 650 | |a Economía Internacional | ||
| 650 | |a Economía - |x Teoría | ||
| 650 | |a Krugman, Paul | ||
| 650 | |a Sen, Amartya K. | ||
| 650 | |a Dornbush, Rudiger | ||
| 650 | |a Bhagwati, Jagdish | ||
| 650 | |a Stiglitz, Joseph E. | ||
| 910 | |a Fondo General | ||
| 920 | |a Impresos - Libros | ||
| 930 | |a Colección General | ||
| 905 | |a 101 | ||
| 901 | |a 0500084055 |b IT1 |c ACC |u 20250521 | ||
| 901 | |a 0500258711 |b IT1 |c ACC |i D75658 |u 20250521 | ||
| 902 | |a https://opac.biblio.iteso.mx/vufind/Record/000156959 | ||